| 000 | 01036nam a2200265Ia 4500 | ||
|---|---|---|---|
| 003 | OSt | ||
| 005 | 20221005110805.0 | ||
| 006 | a|||||r|||| 00| 0 | ||
| 007 | ta | ||
| 008 | 221004b |||||||| |||| 00| 0 hin d | ||
| 020 |
_a9788126727728 (hbk) _c800 |
||
| 024 | _a24415 | ||
| 037 |
_b7329, 07/01/2016, Rajkamal Prakashan Pvt. Ltd. _cTextual |
||
| 040 |
_aCRL _cCRL _bhin |
||
| 041 |
_2hin _ahin |
||
| 082 | _aO152,6N252x, Q5 | ||
| 100 | _aमिश्र, दयानिधि, संपा. | ||
| 245 | 0 | _aपं. विद्यानिवास मिश्र संचयिता | |
| 246 | _aPan. Vidyānivās mishra sanchayitā | ||
| 260 |
_aनई दिल्ली _bराजकमल प्रकाशन भारत _c2015 |
||
| 300 |
_a515पृ0 _ccm. |
||
| 650 | _aहिन्दी साहित्य | ||
| 942 |
_hO152,6N252x, Q5 _cTEXL _2cc |
||
| 999 |
_c1019899 _d1019899 |
||